Normal view
MARC view
- Akram, Amna
Entry Personal Name
001 - CONTROL NUMBER
- control field: 16709
003 - CONTROL NUMBER IDENTIFIER
- control field: NUST
005 - DATE AND TIME OF LATEST TRANSACTION
- control field: 20190704074951.0
008 - FIXED-LENGTH DATA ELEMENTS
- fixed length control field: 190704|| aca||aabn | a|a d
040 ## - CATALOGING SOURCE
- Original cataloging agency: NUST
- Transcribing agency: NUST
100 ## - HEADING--PERSONAL NAME
- Personal name: Akram, Amna
670 ## - SOURCE DATA FOUND
- Source citation: Work cat.: (NUST): Akram, Amna, Study the Effect of Solvent and nanoclay on poly (styrene-b-isoprene-b-styrene) (SIS)/ pol (styrene-co-methylmethacrylare) (PSMMA) Polymer blends /, 2017.
